| 000 | 02885cam a22004574i 4500 | ||
|---|---|---|---|
| 003 | PE-LiUPU | ||
| 005 | 20250731165405.0 | ||
| 008 | 151005s2015 pe a grm 000 0 spa d | ||
| 035 | _a(Sirsi) a154778 | ||
| 040 |
_aPE-LiUPU _bspa _cPE-LiUPU _erda |
||
| 099 |
_aTPS 2 _bB23 2015 |
||
| 100 | 1 |
_aBarbaran Macuyama, Mila Yuliza _eautor |
|
| 245 | 1 |
_aDepresión y violencia familiar en pacientes mujeres de un hospital de Lima Este, 2014 / _cMila Yuliza Barbaran Macuyama. |
|
| 264 | 0 | _c2015. | |
| 300 |
_a110 hojas : _bilustraciones; _c30 cm |
||
| 336 |
_atext _2rdacontent |
||
| 337 |
_aunmediated _2rdamedia |
||
| 338 |
_avolume _2rdacarrier |
||
| 502 |
_aTesis _b(Lic.) -- _cUniversidad Peruana Unión, _d2015. |
||
| 504 | _aIncluye referencias | ||
| 520 | 3 | _aEl objetivo de esta investigación fue determinar si existe relación entre la depresión y la violencia familiar en pacientes mujeres de un hospital de Lima este, 2014. El estudio fue descriptivo - correlacional de corte transversal, con una muestra no probabilística de 73 pacientes mujeres víctimas de maltrato por parte de su pareja. Sus edades estaban comprendidas entre los 18 años hasta los 55 años de edad que cumplieron los criterios de selección. La recolección de datos se realizó a través de un inventario: El Inventario de Depresión de Beck (Beck y Cols, 1961) y para violencia familiar a través de la Ficha de Tamizaje en Psicología Clínica y de la Salud (Resolución Ministerial, 2007). En el resultado se encontró que el 26.7% (23) de los pacientes llevan una relación marital con el agresor. Además se aprecia que el 63.0% (46) de las pacientes vienen siendo maltratadas entre los 0 a 5 años atrás. Por otro lado se puede apreciar que el 94.5% (49) de las pacientes tienen depresión. Asimismo se aprecia que existe presencia de violencia psicológica en un porcentaje mayor de 98.6% (72) del total de participantes y el 89.0% (65) hacen notar que han sufrido violencia física y finalmente un 11.0% (8)% pasaron por un episodio de violencia sexual. En conclusión, se encontró que la violencia familiar en sus tres dimensiones (psicológica, física y sexual) no está asociada con la depresión en pacientes que consideramos en nuestro estudio. | |
| 526 | _aSEG44 | ||
| 526 | _aSEG26 | ||
| 526 | _aP151 | ||
| 526 | _aP150 | ||
| 526 | _aP149 | ||
| 526 | _aP146 | ||
| 526 | _aP145 | ||
| 526 | _aP126 | ||
| 526 | _aP125 | ||
| 526 | _aP92 | ||
| 526 | _aP75 | ||
| 526 | _aP74 | ||
| 526 | _aP27 | ||
| 526 | _aP15 | ||
| 650 | 0 | 4 |
_aMujeres _xViolencia en la familia _xAspectos psicológicos _xMujeres maltratadas |
| 700 | 1 |
_aApaza Pacori, Reyna Arody _eautor |
|
| 596 | _a1 | ||
| 942 |
_2ddc _cTESIS |
||
| 999 |
_aTPS 2 B23 2015 _wALPHANUM _c7477 _iT01747 _lCCODEBUL3 _mBUL _r1 _sY _tTESIS _u2015-10-5 _xSALUD _PP33 _o.STAFF. Tesis _d7477 |
||
| 980 |
_81 _gALBERTO SANCHEZ Responsable de Automatización |
||